000 00207nam a22001097a 4500
003 SGT
100 _aNAVEEN
245 _aMNOVIGAAN
260 _aDELHI
_bNAVEEN PUB.
_c2002
300 _a415
942 _2ddc
_cBK
999 _c20883
_d20883